| 000 | 01036nas a2200253 i 4500 | ||
|---|---|---|---|
| 003 | DO-SdBNP | ||
| 005 | 20260522124354.0 | ||
| 007 | ta | ||
| 008 | 260522e2000 dr an|||r||||||0| 0spa d | ||
| 040 |
_aDO-SdBNP _bspa _cBNPHU _erda |
||
| 041 | _aspa | ||
| 110 |
_aEscuela Nacional de la Judicatura(República Dominicana) _972016 |
||
| 245 |
_aSaber y Justicia : _borgano de información y difusión de la escuela de la judicatura / _cEscuela Nacional de la Judicatura. |
||
| 264 |
_aSanto Domingo, Republica Dominicana ; _bEscuela Nacional de la Judicatura. _bEditora Corripio, _c2000. |
||
| 300 |
_avolumen : _bilustraciones, fotografia ; _c28 cm. |
||
| 336 |
_atexto _btxt _2rdacontent |
||
| 337 |
_asin mediación _bn _2rdamedia |
||
| 338 |
_avolumen _bnc _2rdacarrier |
||
| 362 | _aEdición especial, agosto 1999-septiembre 2000. | ||
| 500 | _aLa capacitación judicial y el exitoso modelo dominicano. | ||
| 650 | 0 |
_aPoder judicial _9556 |
|
| 650 | 0 |
_aCooperacion internacional educativa _zRepública Dominicana _9609 |
|
| 942 |
_2ddc _c4 |
||
| 999 |
_c60808 _d60808 |
||